00471 2200205 4500001002100000005001500021035002000036007000300056008004100059020001500100082000800115084001200123100001300135245003200148260004100180856001700221990000900238990000900247990000900256INLIS00000000000094920220913073816 a0010-0922000230ta220913 g 0 ind  a9792671331 a500 a500 WAH0 aWahyudin1 aTubuh kita dan kesehatan 4* aJakarta :bArmandelta selaras,c2007 aKoleksi Umum a1737 a1735 a1736